00392nam a2200145Ia 4500008004100000020001800041041000800059082001800067100002400085245007200109250000600181260003600187300000800223650001500231210716s2007 xx 000 0 und d a9788178297484 aeng a658.4092 BALS aBalasubramanian, S. aArt of business leadership: indian experinces.bIndian experiences. a1 aNew DelhibResponse Booksc2007 a296 aLeadership